Statistics for dog breed quiz

Click here to take the quiz!

General Stats

  • This quiz has been taken 80 times
  • The average score is 9 of 35

Answer Stats

HintAnswer% Correct
poodle
72%
golden retriever
69%
german shepherd
55%
beagle
52%
doberman
48%
rottweiler
48%
pug
45%
boxer
41%
border collie
38%
chihuahua
38%
great dane
38%
french bulldog
34%
shih tzu
34%
grey hound
31%
pitbull
31%
blood hound
21%
bull terrier
21%
chow chow
17%
english bulldog
17%
maltese
17%
afghan hound
14%
siberian husky
14%
alaskan malamute
10%
dalmation
10%
irish wolf hound
10%
english mastiff
7%
belgium shepherd
3%
bull mastiff
3%
new foundland
3%
saint bernard
3%
shar pei
3%
austrailian shepherd
0%
cavalier kings charles spaniel
0%
labrador reriever
0%
pekingeae
0%

Score Distribution

Percentile by Number Answered

Percent of People with Each Score

Your Score History

You have not taken this quiz